| 000 | 00420nam a22001577a 4500 | ||
|---|---|---|---|
| 020 | _a03094569X | ||
| 022 | _a00775614 | ||
| 082 |
_a624.2 _bBRI _cD |
||
| 100 |
_aHusdon, S.W _943295 |
||
| 245 |
_aBridge management systems _cHusdon, S.W |
||
| 260 |
_aUSA _bTransportation Research Board _c1987c. |
||
| 300 |
_a74 p. _bill. _c22 cm. |
||
| 526 |
_a0 _b0 _c0 _d624_200000000000000_BRI |
||
| 650 |
_aD _96527 |
||
| 942 |
_2ddc _cBK |
||
| 999 |
_c547118 _d547118 |
||